000 01162cam a22002891a 4500
001 e 23000252
003 DLC
005 20260227111214.0
008 841027s1923 dcu f000 0 eng c
010 _ae 23000252
035 _a(OCoLC)11319195
040 _aU.S. Off. of Educ. Library
_cABAU
_dABAU
_dDLC
042 _apremarc
050 0 0 _aL111
_b.A6 1923, no. 1
051 _aLC4033.C5
_bW5
100 1 _aWoolley, Helen Thompson,
_d1874-
245 1 0 _aDiagnosis and treatment of young school failures /
_cby Helen Thompson Woolley and Elizabeth Ferris.
260 _aWashington :
_bG.P.O.,
_c1923.
300 _avi, 115 p. ;
_c23 cm.
490 1 _aBulletin / Dept. of the Interior, Bureau of Education ;
_v1923, no. 1
500 _a"Prepared under the auspices of the Helen S. Trounstine Foundation, Cincinnati, constituting no. 8 in the Foundation's Series of Social Studies."
504 _aIncludes bibliographical references and index.
650 0 _aSlow learning children
_zUnited States.
700 1 _aFerris, Elizabeth.
710 2 _aHelen S. Trounstine Foundation.
830 0 _aBulletin (United States. Bureau of Education) ;
_v1923, no. 1
999 _c20637
_d20637